000 00721nam a2200253Ia 4500
003 OSt
005 20220925204059.0
006 a|||||r|||| 00| 0
007 ta
008 220923b |||||||| |||| 00| 0 eng d
037 _cGeneral Book
040 _aRTL
_cRTL
_beng
041 _2eng
_aeng
082 _aX:54.1,dN46:(Z), H8
110 _aGeneral Agreement on Tariffs and Trade
_9126122
245 0 _aProtocals and declaration
260 _aGeneva
_bGATT
_c1948
300 _a85p.
_ccm.
650 _a Economics
650 _aInternational Trade
700 _aGeneral Agreement on Tariffs and Trade
_9126123
942 _hX:54.1,dN46:(Z), H8
_cGB
_2CC
999 _c548484
_d548484